Teoría y práctica de la televisión / (Record no. 58662)

MARC details
000 -LEADER
campo de control de longitud fija 00591nam a2200181 i 4500
001 - NÚMERO DE CONTROL
campo de control 58662
003 - IDENTIFICADOR DE NÚMERO DE CONTROL
campo de control ES-MaACL
005 - FECHA Y HORA DE LA ÚLTIMA TRANSACCIÓN
campo de control 20230906163846.0
007 - CAMPO FIJO DE DESCRIPCIÓN FÍSICA--INFORMACIÓN GENERAL
campo de control de longitud fija t|
008 - DATOS DE LONGITUD FIJA--INFORMACIÓN GENERAL
campo de control de longitud fija 031023s1963 sp ||||1| spa d
100 1# - ENTRADA PRINCIPAL--NOMBRE DE PERSONA
Nombre de persona Duru, P.
9 (RLIN) 46333
245 10 - MENCIÓN DEL TÍTULO
Título Teoría y práctica de la televisión /
Mención de responsabilidad, etc. por P. Duru ; con un prefacio de M. Leschi ; [traducción por José Mª Fernández Arín].
260 ## - PUBLICACIÓN, DISTRIBUCIÓN, ETC.
Lugar de publicación, distribución, etc. Madrid :
Nombre del editor, distribuidor, etc. Paraninfo,
Fecha de publicación, distribución, etc. 1963.
300 ## - DESCRIPCIÓN FÍSICA
Extensión XXXII, 607 p. ;
Dimensiones 22 cm.
700 1# - ENTRADA AGREGADA--NOMBRE PERSONAL
Nombre de persona Leschi, M.
9 (RLIN) 71828
700 1# - ENTRADA AGREGADA--NOMBRE PERSONAL
Nombre de persona Fernández Arin, José María.
9 (RLIN) 49479
852 ## - LOCALIZACIÓN
Ubicación ES-MaACL
Número de control de estantería F-14685
Sublocalización o colección R.53714
Holdings
Estatus retirado Estado de pérdida Estado de daño No para préstamo Biblioteca de origen Biblioteca actual Ubicación en estantería Fecha de adquisición Fuente de adquisición Total de préstamos Signatura topográfica completa Código de barras Visto por última vez Precio de reemplazo Tipo de ítem Koha
        Biblioteca del Ateneo de Madrid Biblioteca del Ateneo de Madrid Sala Pecera Planta 2 17/01/2008     F-14685 1061543 23/02/2023 23/02/2023 Libro impreso